ICRISAT annual report 2007: new horizons of scientific excellence for the semi arid tropics (Record no. 46096)

MARC details
000 -LEADER
fixed length control field 00696nam a2200145 a 4500
008 - FIXED-LENGTH DATA ELEMENTS--GENERAL INFORMATION
fixed length control field 080422s2007 ||||||||||||||||| || u
050 ## - LIBRARY OF CONGRESS CALL NUMBER
Classification number ICRISAT(058)
110 ## - MAIN ENTRY--CORPORATE NAME
Corporate name or jurisdiction name as entry element Internatinal Crops Research Institute for the Semi-Arid Tropics (ICRISAT)
245 10 - TITLE STATEMENT
Title ICRISAT annual report 2007: new horizons of scientific excellence for the semi arid tropics
260 ## - PUBLICATION, DISTRIBUTION, ETC.
Place of publication, distribution, etc. Andra Pradesh
Name of publisher, distributor, etc. Internatinal crops research institute for the semi-arid tropics: Annual report 2007
Date of publication, distribution, etc. 2007
300 ## - PHYSICAL DESCRIPTION
Extent 47p. :ill
350 ## - PRICE (NR) (BK AM CF MU VM SE) [OBSOLETE]
Price 0.00
650 ## - SUBJECT ADDED ENTRY--TOPICAL TERM
Topical term or geographic name entry element AGRICULTURE
995 ## - RECOMMENDATION 995 [LOCAL, UNIMARC FRANCE]
-- 0.00
-- CBU-MAIN LIBRARY (Kitwe)
-- 1
-- 0.00
-- 1
-- AVAILABLE
-- Aug 25, 2008
-- International Publications
Holdings
Withdrawn status Lost status Source of classification or shelving scheme Damaged status Not for loan Home library Current library Shelving location Date acquired Total Checkouts Full call number Barcode Date last seen Price effective from Koha item type
          CBU-MAIN LIBRARY, KITWE. CBU-MAIN LIBRARY, KITWE.   11/30/2022   ICRISAT(058) 56285 11/30/2022 11/30/2022 MONOGRAPH